• 首页
  • 本馆介绍
  • 公告通知
  • 最新文献
  • 馆藏检索
  • 电子资源
  • 读者导购
  • 参考咨询
  • 我的图书馆
  • 登录
  • 详细信息显示
  • 放入我的书架
  • 预约/预借图书
  • 作者相关作品
  • 分类相关作品
  • 丛书相关作品
  • 出版社相关作品

书目信息

  • 表格格式
  • 工作单格式
  • 卡片格式
题名:
纸艺术
    
 
作者: ;深圳市艺力文化发展有限公司 编
分册:  
出版信息: 大连   大连理工大学出版社  2013.05
页数: 239页
开本: 25cm
丛书名: 全球好创意
单 册:
中图分类: J528.2
科图分类:
主题词: 纸工--作品集--中国--现代 , 纸工
电子资源:
ISBN: 978-7-5611-7757-0
000 01048oam2 2200289 450
001 012013129443
005 20140610163446.18
010    @a978-7-5611-7757-0@dCNY65.00
100    @a20130605d2013 em y0chiy0110 ea
101 0  @achi
102    @aCN@b210000
105    @aa z 000yy
106    @ar
200 1  @a纸艺术@9zhi yi shu@dThe art of paper@f深圳市艺力文化发展有限公司编@zeng
210    @a大连@c大连理工大学出版社@d2013.05
215    @a239页@c图@d25cm
225 2  @a全球好创意
330    @a本书编入了来自世界各地的设计师利用不同纸张的特性创造出的不同主题的设计作品,并按照作品本身不同的表现形式,划分为以下三大板块:平面、场景及3D,读者可以在本书中欣赏到各种美轮美奂的纸张艺术作品。
333    @a纸艺术研究人员
461  0 @12001 @a全球好创意
510 1  @aArt of paper@zeng
606 0  @a纸工@x作品集@y中国@z现代
606 0  @a纸工
690    @aJ528.2@v5
711 02 @a深圳市艺力文化发展有限公司@9shen zhen shi yi li wen hua fa zhan you xian gong si@4编
801  0 @aCN@b人天书店@c20130605
905    @b845109-11@dJ528.2@e357@f3
    
    纸艺术=The art of paper/深圳市艺力文化发展有限公司编.-大连:大连理工大学出版社,2013.05
    239页:图;25cm.-(全球好创意)
    使用对象:纸艺术研究人员
    
    ISBN 978-7-5611-7757-0:CNY65.00
    本书编入了来自世界各地的设计师利用不同纸张的特性创造出的不同主题的设计作品,并按照作品本身不同的表现形式,划分为以下三大板块:平面、场景及3D,读者可以在本书中欣赏到各种美轮美奂的纸张艺术作品。
●
相关链接 在E读中查询图书 在五车中查询图书 在当当中查询图书 在豆瓣中查询图书


正题名:纸艺术     索取号:J528.2/357         预约/预借

序号 登录号 条形码 馆藏地/架位号 状态 备注
1 845109   208451094   第一样本阅览室/ [索取号:J528.2/357] 在馆    
2 845110   208451101   美术系资料室/ [索取号:J528.2/357] 在馆    
3 845111   208451110   第一借阅区/ [索取号:J528.2/357] 在馆    
欢迎您!
大连网信软件有限公司© 版权所有